[Event "Irish International Open 2019"]
[Site "Dublin"]
[Date "2019.04.18"]
[Round "3.1"]
[White "Epishin, Vladimir"]
[Black "Jackson, James P"]
[Result "1/2-1/2"]
[WhiteElo "2568"]
[BlackElo "2388"]
[Annotator "ChessBase"]
[PlyCount "145"]
[EventDate "2019.02.28"]
[EventType "swiss"]
[EventCountry "IRL"]
[SourceTitle "playchess.com"]
[Source "ChessBase"]
[SourceQuality "1"]
[TimeControl "5400+30"]

1. d4 {[%emt 0:00:00]} Nf6 {[%emt 0:00:00]} 2. Nf3 {[%emt 0:00:00]} g6 {[%emt 0:00:00]} 3. g3 {[%emt 0:01:38]} Bg7 {[%emt 0:00:00]} 4. Bg2 {[%emt 0:00:04]} O-O {[%emt 0:00:00]} 5. O-O {[%emt 0:00:07]} d6 {[%emt 0:00:12]} 6. a4 {[%emt 0:00:38]} a5 {[%emt 0:02:51]} 7. Bf4 {[%emt 0:05:01]} h6 {[%emt 1:30:27]} 8. Re1 {[%emt 0:02:09]} Nh5 {[%emt 0:00:00]} 9. Bd2 {[%emt 0:02:46]} e5 {[%emt 0:00:00]} 10. dxe5 {[%emt 0:00:39]} dxe5 {[%emt 0:00:00]} 11. e4 {[%emt 0:00:04]} Nc6 {[%emt 0:00:00]} 12. Na3 {[%emt 0:00:11]} Be6 {[%emt 0:00:00]} 13. Qe2 {[%emt 0:00:34]} b6 {[%emt 0:00:00]} 14. Bc3 {[%emt 0:02:46]} Qe8 {[%emt 0:00:00]} 15. Nh4 {[%emt 0:20:06]} Rd8 {[%emt 0:00:00]} 16. Nb5 {[%emt 0:03:56]} Qd7 {[%emt 0:00:00]} 17. Rad1 {[%emt 0:07:28]} Qc8 {[%emt 0:00:00]} 18. Nf5 {[%emt 0:00:57]} Kh7 {[%emt 0:00:00]} 19. Nxg7 {[%emt 0:00:58]} Nxg7 {[%emt 0:00:00]} 20. Qe3 {[%emt 0:04:20]} Rxd1 {[%emt 0:00:00]} 21. Rxd1 {[%emt 0:00:18]} Rd8 {[%emt 0:00:00]} 22. Rd2 {[%emt 0:00:32]} g5 {[%emt 0:00:00]} 23. Bf1 {[%emt 0:02:04]} f6 {[%emt 0:00:00]} 24. b3 {[%emt 0:01:10]} Bd7 {[%emt 0:00:00]} 25. Bc4 {[%emt 0:02:20]} Ne6 {[%emt 0:00:00]} 26. f3 {[%emt 0:03:14]} Nc5 {[%emt 0:00:00]} 27. Kf2 {[%emt 0:00:51]} Be6 {[%emt 0:00:00]} 28. Bf1 {[%emt 0:00:53]} Rxd2+ {[%emt 0:00:00]} 29. Qxd2 {[%emt 0:00:37]} g4 {[%emt 0:00:00]} 30. Qe3 {[%emt 0:01:16]} gxf3 {[%emt 0:00:00]} 31. Qxf3 {[%emt 0:00:36]} Bg4 {[%emt 0:00:00]} 32. Qe3 {[%emt 0:00:06]} Qd7 {[%emt 0:00:00]} 33. Na3 {[%emt 0:03:20]} Nd4 {[%emt 0:00:00]} 34. Bxd4 {[%emt 0:06:57]} Qxd4 {[%emt 0:00:00]} 35. Qxd4 {[%emt 0:00:33]} exd4 {[%emt 0:00:00]} 36. Nb5 {[%emt 0:02:15]} Nxe4+ {[%emt 0:00:00]} 37. Ke1 {[%emt 0:00:00]} c5 {[%emt 0:00:21]} 38. Nc7 {[%emt 0:00:03]} Bf3 {[%emt 0:06:23]} 39. Bd3 {[%emt 0:02:59]} Kg7 {[%emt 0:00:50]} 40. Nd5 {[%emt 0:01:26]} Nxg3 {[%emt 0:03:44]} 41. Nxb6 {[%emt 0:01:20]} Ne4 {[%emt 0:00:05]} 42. Nc4 {[%emt 0:00:41]} f5 {[%emt 0:00:27]} 43. Nxa5 {[%emt 0:00:09]} Kf6 {[%emt 0:00:10]} 44. Nb7 {[%emt 0:10:36]} Ke7 {[%emt 0:02:11]} 45. a5 {[%emt 0:00:32]} Kd7 {[%emt 0:01:30]} 46. a6 {[%emt 0:07:15]} Kc6 {[%emt 0:00:39]} 47. Nd8+ {[%emt 0:02:16]} Kb6 {[%emt 0:00:25]} 48. Nf7 {[%emt 0:00:15]} h5 {[%emt 0:01:34]} 49. h4 {[%emt 0:00:07]} Bg2 {[%emt 0:00:52]} 50. Ng5 {[%emt 0:02:19]} Nd6 {[%emt 0:00:58]} 51. Ne6 {[%emt 0:02:08]} Bd5 {[%emt 0:00:25]} 52. Nf4 {[%emt 0:00:05]} Be4 {[%emt 0:00:49]} 53. Ke2 {[%emt 0:00:39]} Bxd3+ {[%emt 0:00:28]} 54. Kxd3 {[%emt 0:00:32]} Kxa6 {[%emt 0:00:05]} 55. Nxh5 {[%emt 0:00:05]} Kb5 {[%emt 0:00:16]} 56. Nf4 {[%emt 0:00:13]} Nf7 {[%emt 0:00:30]} 57. h5 {[%emt 0:00:12]} Kc6 {[%emt 0:00:31]} 58. b4 {[%emt 0:00:12]} Ne5+ {[%emt 0:00:07]} 59. Ke2 {[%emt 0:00:02]} cxb4 {[%emt 0:00:32]} 60. h6 {[%emt 0:00:36]} Nf7 {[%emt 0:00:46]} 61. h7 {[%emt 0:00:05]} Kc5 {[%emt 0:00:10]} 62. Ng6 {[%emt 0:02:00]} f4 {[%emt 0:01:45]} 63. Nxf4 {[%emt 0:00:50]} Kc4 {[%emt 0:00:10]} 64. Kd2 {[%emt 0:00:14]} Nh8 {[%emt 0:00:19]} 65. Nd3 {[%emt 0:01:10]} b3 {[%emt 0:00:07]} 66. cxb3+ {[%emt 0:00:43]} Kxb3 {[%emt 0:00:06]} 67. Ne5 {[%emt 0:00:06]} Kb4 {[%emt 0:00:07]} 68. Kd3 {[%emt 0:00:01]} Kc5 {[%emt 0:00:23]} 69. Ke4 {[%emt 0:00:06]} Kd6 {[%emt 0:00:15]} 70. Kf5 {[%emt 0:00:06]} Ke7 {[%emt 0:00:27]} 71. Kg5 {[%emt 0:00:31]} Ke6 {[%emt 0:00:53]} 72. Ng6 {[%emt 0:00:52]} Kf7 {[%emt 0:00:42]} 73. Nxh8+ {[%emt 0:00:31]} 1/2-1/2

[Event "Irish International Open 2019"]
[Site "Dublin"]
[Date "2019.04.18"]
[Round "3.2"]
[White "De Verdier, Michael"]
[Black "Saric, Ante"]
[Result "0-1"]
[WhiteElo "2306"]
[BlackElo "2530"]
[Annotator "ChessBase"]
[PlyCount "82"]
[EventDate "2019.02.28"]
[EventType "swiss"]
[EventCountry "IRL"]
[SourceTitle "playchess.com"]
[Source "ChessBase"]
[SourceQuality "1"]
[TimeControl "5400+30"]

1. c4 {[%emt 0:00:00]} c5 {[%emt 0:01:45]} 2. g3 {[%emt 0:00:31]} g6 {[%emt 0:00:06]} 3. Bg2 {[%emt 0:00:04]} Bg7 {[%emt 0:00:04]} 4. Nc3 {[%emt 0:00:06]} Nc6 {[%emt 0:00:05]} 5. a3 {[%emt 0:00:06]} b6 {[%emt 0:00:19]} 6. e3 {[%emt 0:07:12]} Bxc3 {[%emt 0:02:50]} 7. bxc3 {[%emt 0:01:12]} Bb7 {[%emt 0:00:16]} 8. d3 {[%emt 0:01:26]} d6 {[%emt 0:04:32]} 9. e4 {[%emt 0:00:31]} Qd7 {[%emt 0:00:20]} 10. Ne2 {[%emt 0:01:46]} O-O-O {[%emt 0:00:33]} 11. Nf4 {[%emt 0:05:43]} e6 {[%emt 0:03:41]} 12. Qe2 {[%emt 0:03:07]} Re8 {[%emt 0:04:09]} 13. O-O {[%emt 0:06:14]} f5 {[%emt 0:03:24]} 14. exf5 {[%emt 0:08:17]} gxf5 {[%emt 0:02:59]} 15. Rd1 {[%emt 0:09:12]} Nf6 {[%emt 0:15:17]} 16. Be3 {[%emt 0:12:45]} e5 {[%emt 0:11:08]} 17. Nd5 {[%emt 0:00:31]} Rhf8 {[%emt 0:02:55]} 18. Bg5 {[%emt 0:11:13]} Nxd5 {[%emt 0:04:13]} 19. cxd5 {[%emt 0:00:44]} Na5 {[%emt 0:00:10]} 20. Qc2 {[%emt 0:06:08]} f4 {[%emt 0:04:53]} 21. d4 {[%emt 0:06:01]} fxg3 {[%emt 0:11:24]} 22. hxg3 {[%emt 0:00:31]} Qg4 {[%emt 0:00:53]} 23. Bh4 {[%emt 0:07:51]} exd4 {[%emt 0:05:08]} 24. cxd4 {[%emt 0:00:14]} Re2 {[%emt 0:03:49]} 25. Rd2 {[%emt 0:05:17]} Rfxf2 {[%emt 0:07:42]} 26. Rxe2 {[%emt 0:00:07]} Rxe2 {[%emt 0:00:08]} 27. Bh3 {[%emt 0:02:32]} Qxh3 {[%emt 0:03:52]} 28. Qxe2 {[%emt 0:00:01]} Bxd5 {[%emt 0:00:12]} 29. Re1 {[%emt 0:03:49]} Nc4 {[%emt 0:05:34]} 30. Qh2 {[%emt 0:01:11]} Qg4 {[%emt 0:00:55]} 31. dxc5 {[%emt 0:00:25]} Ne5 {[%emt 0:00:49]} 32. Qe2 {[%emt 0:00:41]} Qh3 {[%emt 0:01:14]} 33. cxd6 {[%emt 0:00:24]} Qh1+ {[%emt 0:00:31]} 34. Kf2 {[%emt 0:00:01]} Qg2+ {[%emt 0:00:20]} 35. Ke3 {[%emt 0:00:09]} Qe4+ {[%emt 0:00:09]} 36. Kd2 {[%emt 0:00:14]} Nf3+ {[%emt 0:00:38]} 37. Kc1 {[%emt 0:01:11]} Nxe1 {[%emt 0:00:27]} 38. d7+ {[%emt 0:01:01]} Kxd7 {[%emt 0:00:09]} 39. Qb5+ {[%emt 0:00:12]} Bc6 {[%emt 0:00:29]} 40. Qb3 {[%emt 0:00:16]} Nd3+ {[%emt 0:00:38]} 41. Kd2 {[%emt 0:00:06]} Ne5 {[%emt 0:00:26]} 0-1

[Event "Irish International Open 2019"]
[Site "Dublin"]
[Date "2019.04.18"]
[Round "3.3"]
[White "Burg, Twan"]
[Black "Longson, Alexander"]
[Result "1-0"]
[WhiteElo "2519"]
[BlackElo "2318"]
[Annotator "TA"]
[PlyCount "67"]
[EventDate "2019.02.28"]
[EventType "swiss"]
[EventCountry "IRL"]
[SourceTitle "playchess.com"]
[Source "ChessBase"]
[SourceQuality "1"]

{[%evp 13,67,5,15,3,10,12,0,4,5,-14,0,0,0,-8,21,3,13,-37,28,20,60,51,75,54,53,53,174,133,202,139,261,264,330,285,295,296,278,285,264,260,281,261,267,266,296,305,311,266,285,287,314,327,658,654,696,696]} 1. Nf3 d5 2. d4 Nf6 3. g3 e6 4. Bg2 Be7 5. c4 O-O 6. Qc2 c5 7. O-O cxd4 8. Nxd4 {E06: Closed Catalan: Early deviations} e5 (8... Na6 9. cxd5 Nb4 10. Qb3 e5 11. Nb5 Nbxd5 12. N1c3 Be6 13. Nxd5 Bxd5 14. Bxd5 Qxd5 15. Bg5 Qxb3 16. axb3 {½-½ (46) Carlsen,M (2834)-Wei,Y (2743) Wijk aan Zee 2018}) 9. Nf5 d4 10. Nxe7+ {The position is equal.} Qxe7 11. b4 Rd8 12. a3 $146 ({Predecessor:} 12. c5 Nc6 13. a3 e4 14. Bg5 d3 15. exd3 Nd4 {0-1 (40) Gasanov,E (2479)-Nihal,S (2386) Moscow 2017}) 12... h6 13. Nd2 Bg4 14. Ne4 {Hoping for Nxf6+.} Nbd7 15. f4 Rac8 ({Black should play} 15... a5 $15) 16. c5 $11 Nxe4 17. Qxe4 Nf6 18. Qxe5 Qd7 19. Rd1 Qb5 (19... b6 $14) 20. Bb2 a5 (20... Rd7 $16 {was called for.}) 21. h3 ({And not} 21. Bxd4 Re8 $11) 21... Be6 (21... Bd7 $16 {was necessary.}) 22. Rxd4 $18 Re8 {White should prevent ...Bb3.} 23. c6 bxc6 24. Qxb5 cxb5 25. bxa5 Rc2 26. Rb4 {Threatens to win with Bxf6.} Bd5 {[#] ...Bxg2 is the strong threat.} 27. Re1 ({Stronger than} 27. Rxb5 Bxg2 28. Bxf6 Rexe2 $17) 27... Bxg2 28. Kxg2 Nd5 29. Rxb5 Ne3+ 30. Kg1 Nc4 31. Bd4 Nd2 {Black wants to play ...Nf3+.} 32. Kg2 Nc4 $2 (32... Rc6 33. e3 Ra8) 33. a6 {[#] And now a7 would win.} Nxa3 34. Rb3 {Accuracy: White = 69%, Black = 35%.} 1-0

[Event "Irish International Open 2019"]
[Site "Dublin"]
[Date "2019.04.18"]
[Round "3.4"]
[White "Fitzsimons, David"]
[Black "Jovanic, Ognjen"]
[Result "0-1"]
[WhiteElo "2299"]
[BlackElo "2515"]
[Annotator "ChessBase"]
[PlyCount "76"]
[EventDate "2019.02.28"]
[EventType "swiss"]
[EventCountry "IRL"]
[SourceTitle "playchess.com"]
[Source "ChessBase"]
[SourceQuality "1"]
[TimeControl "5400+30"]

1. e4 {[%emt 0:00:00]} c5 {[%emt 0:00:59]} 2. Nf3 {[%emt 0:00:00]} e6 {[%emt 0:00:10]} 3. g3 {[%emt 0:00:01]} Nc6 {[%emt 0:01:23]} 4. Bg2 {[%emt 0:00:05]} Nf6 {[%emt 0:00:17]} 5. Qe2 {[%emt 0:00:07]} Be7 {[%emt 0:08:59]} 6. e5 {[%emt 0:02:06]} Ng4 {[%emt 0:07:43]} 7. Nc3 {[%emt 0:09:09]} f6 {[%emt 0:06:25]} 8. exf6 {[%emt 0:01:25]} Nxf6 {[%emt 0:00:03]} 9. O-O {[%emt 0:00:26]} d6 {[%emt 0:02:59]} 10. Rd1 {[%emt 0:09:15]} e5 {[%emt 0:01:50]} 11. h3 {[%emt 0:03:42]} O-O {[%emt 0:07:06]} 12. a3 {[%emt 0:00:42]} Bf5 {[%emt 0:03:34]} 13. d3 {[%emt 0:00:54]} Qd7 {[%emt 0:01:33]} 14. g4 {[%emt 0:00:39]} Bg6 {[%emt 0:04:05]} 15. b4 {[%emt 0:01:44]} cxb4 {[%emt 0:03:24]} 16. axb4 {[%emt 0:00:07]} Nxb4 {[%emt 0:01:04]} 17. Nh4 {[%emt 0:00:47]} Bf7 {[%emt 0:02:09]} 18. Nf5 {[%emt 0:00:27]} Rfc8 {[%emt 0:05:14]} 19. Ba3 {[%emt 0:00:39]} Nbd5 {[%emt 0:04:17]} 20. Nxd5 {[%emt 0:04:15]} Nxd5 {[%emt 0:00:03]} 21. Bxd5 {[%emt 0:04:36]} Bxd5 {[%emt 0:00:02]} 22. c4 {[%emt 0:00:25]} Bf7 {[%emt 0:07:56]} 23. f4 {[%emt 0:00:45]} Bg6 {[%emt 0:02:35]} 24. fxe5 {[%emt 0:13:06]} Bxf5 {[%emt 0:00:10]} 25. gxf5 {[%emt 0:00:05]} dxe5 {[%emt 0:05:23]} 26. Qxe5 {[%emt 0:00:36]} Bf6 {[%emt 0:01:35]} 27. Qe6+ {[%emt 0:00:31]} Qxe6 {[%emt 0:01:23]} 28. fxe6 {[%emt 0:00:05]} Re8 {[%emt 0:00:24]} 29. Rab1 {[%emt 0:01:12]} Bd4+ {[%emt 0:01:54]} 30. Kh1 {[%emt 0:00:06]} Rxe6 {[%emt 0:00:08]} 31. Rxb7 {[%emt 0:00:06]} Re3 {[%emt 0:02:15]} 32. Rd7 {[%emt 0:04:24]} Rxh3+ {[%emt 0:00:36]} 33. Kg2 {[%emt 0:00:06]} Rh4 {[%emt 0:00:05]} 34. Be7 {[%emt 0:01:18]} Rg4+ {[%emt 0:02:42]} 35. Kf3 {[%emt 0:00:06]} h5 {[%emt 0:00:04]} 36. c5 {[%emt 0:00:17]} Rc8 {[%emt 0:01:35]} 37. Rc1 {[%emt 0:00:19]} Rc6 {[%emt 0:00:59]} 38. Rxa7 {[%emt 0:00:23]} Re6 {[%emt 0:00:33]} 0-1

[Event "Irish International Open 2019"]
[Site "Dublin"]
[Date "2019.04.18"]
[Round "3.5"]
[White "Ruck, Robert"]
[Black "Daly, Colm"]
[Result "1-0"]
[WhiteElo "2522"]
[BlackElo "2278"]
[Annotator "ChessBase"]
[PlyCount "57"]
[EventDate "2019.02.28"]
[EventType "swiss"]
[EventCountry "IRL"]
[SourceTitle "playchess.com"]
[Source "ChessBase"]
[SourceQuality "1"]
[TimeControl "5400+30"]

1. Nf3 {[%emt 0:00:00]} c5 {[%emt 0:03:29]} 2. c4 {[%emt 0:00:00]} b6 {[%emt 0:00:33]} 3. Nc3 {[%emt 0:00:36]} Bb7 {[%emt 0:00:07]} 4. e4 {[%emt 0:00:15]} d6 {[%emt 0:00:38]} 5. d4 {[%emt 0:00:05]} cxd4 {[%emt 0:00:06]} 6. Nxd4 {[%emt 0:00:07]} Nf6 {[%emt 0:00:04]} 7. Qe2 {[%emt 0:01:09]} g6 {[%emt 0:07:10]} 8. g3 {[%emt 0:00:13]} Bg7 {[%emt 0:00:05]} 9. Bg2 {[%emt 0:00:05]} O-O {[%emt 1:22:18]} 10. O-O {[%emt 0:00:10]} Nc6 {[%emt 0:00:00]} 11. Nxc6 {[%emt 0:08:00]} Bxc6 {[%emt 0:00:00]} 12. Bg5 {[%emt 0:00:46]} Rc8 {[%emt 0:00:00]} 13. Rac1 {[%emt 0:01:03]} Nd7 {[%emt 0:00:00]} 14. Rfd1 {[%emt 0:03:59]} Re8 {[%emt 0:00:00]} 15. h4 {[%emt 0:03:53]} Nc5 {[%emt 0:00:00]} 16. b3 {[%emt 0:02:17]} Ne6 {[%emt 0:00:00]} 17. Be3 {[%emt 0:00:27]} Nc5 {[%emt 0:00:00]} 18. Bd4 {[%emt 0:00:46]} Bxd4 {[%emt 0:00:00]} 19. Rxd4 {[%emt 0:00:05]} e5 {[%emt 0:00:00]} 20. Rd2 {[%emt 0:00:47]} Qe7 {[%emt 0:00:00]} 21. Rcd1 {[%emt 0:00:52]} Rcd8 {[%emt 0:00:00]} 22. Qe3 {[%emt 0:02:07]} h5 {[%emt 0:00:00]} 23. Bh3 {[%emt 0:12:54]} Kg7 {[%emt 0:00:00]} 24. b4 {[%emt 0:06:22]} Ne6 {[%emt 0:00:00]} 25. Bxe6 {[%emt 0:04:34]} fxe6 {[%emt 0:00:00]} 26. Qg5 {[%emt 0:01:24]} Qc7 {[%emt 0:00:00]} 27. Rxd6 {[%emt 0:00:32]} Rxd6 {[%emt 0:00:00]} 28. Qxe5+ {[%emt 0:00:18]} Kf7 {[%emt 0:00:00]} 29. Rxd6 {[%emt 0:01:54]} 1-0

[Event "Irish International Open 2019"]
[Site "Dublin"]
[Date "2019.04.18"]
[Round "3.6"]
[White "Pulkkinen, Kari"]
[Black "Strikovic, Aleksa"]
[Result "0-1"]
[WhiteElo "2265"]
[BlackElo "2493"]
[Annotator "ChessBase"]
[PlyCount "84"]
[EventDate "2019.02.28"]
[EventType "swiss"]
[EventCountry "IRL"]
[SourceTitle "playchess.com"]
[Source "ChessBase"]
[SourceQuality "1"]
[TimeControl "5400+30"]

1. e4 {[%emt 0:00:00]} d6 {[%emt 0:08:58]} 2. d4 {[%emt 0:00:00]} Nf6 {[%emt 0:00:04]} 3. Nc3 {[%emt 0:00:10]} e5 {[%emt 0:00:04]} 4. Nf3 {[%emt 0:00:25]} Nbd7 {[%emt 0:00:06]} 5. Bc4 {[%emt 0:00:34]} Be7 {[%emt 0:00:04]} 6. O-O {[%emt 0:00:44]} O-O {[%emt 0:00:28]} 7. Re1 {[%emt 0:01:43]} Nb6 {[%emt 0:02:51]} 8. Bf1 {[%emt 0:01:38]} exd4 {[%emt 0:00:50]} 9. Nxd4 {[%emt 0:00:51]} d5 {[%emt 0:02:01]} 10. e5 {[%emt 0:02:28]} Ne8 {[%emt 0:00:06]} 11. a4 {[%emt 0:03:52]} a5 {[%emt 0:01:43]} 12. e6 {[%emt 0:02:21]} fxe6 {[%emt 0:07:53]} 13. Nxe6 {[%emt 0:00:19]} Bxe6 {[%emt 0:00:05]} 14. Rxe6 {[%emt 0:00:08]} Bc5 {[%emt 0:00:03]} 15. Be3 {[%emt 0:05:08]} d4 {[%emt 0:04:22]} 16. Ne4 {[%emt 0:02:22]} dxe3 {[%emt 0:00:11]} 17. Nxc5 {[%emt 0:00:10]} exf2+ {[%emt 0:00:15]} 18. Kh1 {[%emt 0:00:16]} Qxd1 {[%emt 0:00:05]} 19. Rxd1 {[%emt 0:00:07]} Nd6 {[%emt 0:00:02]} 20. g3 {[%emt 0:01:14]} Rf5 {[%emt 0:00:39]} 21. Ne4 {[%emt 0:03:07]} Nxe4 {[%emt 0:05:04]} 22. Rxe4 {[%emt 0:00:13]} Kf8 {[%emt 0:00:09]} 23. Kg2 {[%emt 0:01:17]} Re8 {[%emt 0:00:47]} 24. Rxe8+ {[%emt 0:02:06]} Kxe8 {[%emt 0:00:01]} 25. b3 {[%emt 0:04:01]} Nd5 {[%emt 0:04:42]} 26. Rd3 {[%emt 0:00:29]} Ke7 {[%emt 0:20:07]} 27. Rf3 {[%emt 0:02:37]} Rxf3 {[%emt 0:02:43]} 28. Kxf3 {[%emt 0:00:09]} Nb4 {[%emt 0:00:02]} 29. Kxf2 {[%emt 0:02:08]} Nxc2 {[%emt 0:00:05]} 30. Bd3 {[%emt 0:01:49]} Nd4 {[%emt 0:00:06]} 31. Bxh7 {[%emt 0:00:43]} Nxb3 {[%emt 0:00:16]} 32. Ke3 {[%emt 0:00:43]} Nc5 {[%emt 0:01:25]} 33. Bc2 {[%emt 0:00:23]} c6 {[%emt 0:00:52]} 34. Kd4 {[%emt 0:01:03]} Kd6 {[%emt 0:00:12]} 35. Kc4 {[%emt 0:00:24]} Nd7 {[%emt 0:00:30]} 36. h4 {[%emt 0:00:33]} b5+ {[%emt 0:00:50]} 37. Kd4 {[%emt 0:01:14]} c5+ {[%emt 0:02:17]} 38. Ke4 {[%emt 0:02:40]} b4 {[%emt 0:00:29]} 39. Kf5 {[%emt 0:00:42]} c4 {[%emt 0:00:13]} 40. Kg6 {[%emt 0:00:19]} b3 {[%emt 0:00:23]} 41. Bd1 {[%emt 0:00:05]} Nc5 {[%emt 0:00:04]} 42. Kxg7 {[%emt 0:00:37]} c3 {[%emt 0:00:05]} 0-1

[Event "Irish International Open 2019"]
[Site "Dublin"]
[Date "2019.04.18"]
[Round "3.7"]
[White "Hovhannisyan, Mher"]
[Black "Thorarinsson, Pall A."]
[Result "1-0"]
[WhiteElo "2462"]
[BlackElo "2246"]
[Annotator "ChessBase"]
[PlyCount "89"]
[EventDate "2019.02.28"]
[EventType "swiss"]
[EventCountry "IRL"]
[SourceTitle "playchess.com"]
[Source "ChessBase"]
[SourceQuality "1"]
[TimeControl "5400+30"]

1. Nf3 {[%emt 0:00:00]} Nf6 {[%emt 0:00:02]} 2. g3 {[%emt 0:00:00]} c5 {[%emt 0:00:59]} 3. Bg2 {[%emt 0:00:00]} Nc6 {[%emt 0:00:08]} 4. O-O {[%emt 0:00:50]} g6 {[%emt 0:00:39]} 5. c4 {[%emt 0:01:17]} Bg7 {[%emt 0:00:40]} 6. Nc3 {[%emt 0:02:38]} O-O {[%emt 0:00:32]} 7. d3 {[%emt 0:01:48]} Rb8 {[%emt 0:07:41]} 8. Bg5 {[%emt 0:00:48]} d6 {[%emt 0:07:50]} 9. Qc1 {[%emt 0:00:38]} Bg4 {[%emt 0:04:40]} 10. h3 {[%emt 0:04:43]} Bxf3 {[%emt 0:00:56]} 11. Bxf3 {[%emt 0:00:16]} Nd4 {[%emt 0:00:08]} 12. Bg2 {[%emt 0:02:55]} a6 {[%emt 0:02:42]} 13. Bd2 {[%emt 0:09:14]} b5 {[%emt 0:03:02]} 14. e3 {[%emt 0:02:22]} Ne6 {[%emt 0:02:14]} 15. Qc2 {[%emt 0:05:59]} Nd7 {[%emt 0:12:20]} 16. Rab1 {[%emt 0:05:21]} bxc4 {[%emt 0:05:19]} 17. dxc4 {[%emt 0:00:08]} Ne5 {[%emt 0:00:08]} 18. Nd5 {[%emt 0:06:39]} Nd7 {[%emt 0:10:10]} 19. b4 {[%emt 0:17:01]} cxb4 {[%emt 0:06:43]} 20. Nxb4 {[%emt 0:00:09]} Rb6 {[%emt 0:01:27]} 21. Nc6 {[%emt 0:01:58]} Qe8 {[%emt 0:02:23]} 22. Rxb6 {[%emt 0:03:09]} Nxb6 {[%emt 0:00:01]} 23. Rb1 {[%emt 0:00:14]} Nd7 {[%emt 0:02:31]} 24. Rb7 {[%emt 0:00:34]} Nec5 {[%emt 0:00:29]} 25. Ra7 {[%emt 0:00:26]} e6 {[%emt 0:07:43]} 26. Ra8 {[%emt 0:03:51]} Qxa8 {[%emt 0:00:07]} 27. Ne7+ {[%emt 0:00:03]} Kh8 {[%emt 0:00:06]} 28. Bxa8 {[%emt 0:00:03]} Rxa8 {[%emt 0:00:06]} 29. Bc3 {[%emt 0:02:33]} Re8 {[%emt 0:02:14]} 30. Bxg7+ {[%emt 0:00:57]} Kxg7 {[%emt 0:00:02]} 31. Nc6 {[%emt 0:00:09]} Rc8 {[%emt 0:00:59]} 32. Na5 {[%emt 0:06:24]} Kf6 {[%emt 0:03:54]} 33. g4 {[%emt 0:03:59]} Ke7 {[%emt 0:02:41]} 34. Kg2 {[%emt 0:00:10]} h5 {[%emt 0:02:04]} 35. g5 {[%emt 0:04:58]} e5 {[%emt 0:01:59]} 36. Qd1 {[%emt 0:04:43]} Nb6 {[%emt 0:03:24]} 37. Qf3 {[%emt 0:00:25]} Ncd7 {[%emt 0:02:00]} 38. Qb7 {[%emt 0:01:51]} Rc5 {[%emt 0:04:30]} 39. Qxa6 {[%emt 0:01:08]} e4 {[%emt 0:00:10]} 40. h4 {[%emt 0:00:29]} f6 {[%emt 0:00:18]} 41. gxf6+ {[%emt 0:01:05]} Kxf6 {[%emt 0:00:01]} 42. Nb7 {[%emt 0:01:22]} Rxc4 {[%emt 0:01:56]} 43. Nxd6 {[%emt 0:00:30]} Ra4 {[%emt 0:00:27]} 44. Qb5 {[%emt 0:01:13]} Rxa2 {[%emt 0:01:27]} 45. Qg5+ {[%emt 0:01:02]} 1-0

[Event "Irish International Open 2019"]
[Site "Dublin"]
[Date "2019.04.18"]
[Round "3.8"]
[White "Schut, Han"]
[Black "Larino Nieto, David"]
[Result "0-1"]
[WhiteElo "2173"]
[BlackElo "2434"]
[Annotator "NA"]
[PlyCount "128"]
[EventDate "2019.02.28"]
[EventType "swiss"]
[EventCountry "IRL"]
[SourceTitle "playchess.com"]
[Source "ChessBase"]
[SourceQuality "1"]
[TimeControl "5400+30"]

1. e4 {[%emt 0:00:00]} c5 {[%emt 0:00:02]} 2. Nf3 {[%emt 0:00:00]} Nc6 {[%emt 0:00:08]} 3. d4 {[%emt 0:00:00]} cxd4 {[%emt 0:00:02]} 4. Nxd4 {[%emt 0:00:00]} Nf6 {[%emt 0:00:05]} 5. Nc3 {[%emt 0:00:00]} d6 {[%emt 0:00:02]} 6. Bg5 {[%emt 0:00:18]} e6 {[%emt 0:00:06]} 7. Qd2 {[%emt 0:00:39]} a6 {[%emt 0:00:03]} 8. O-O-O {[%emt 0:00:06]} h6 {[%emt 0:00:35]} 9. Bxf6 {[%emt 0:01:09]} Qxf6 {[%emt 0:00:07]} 10. Nb3 {[%emt 0:03:03]} g5 {[%emt 0:01:59]} 11. Kb1 {[%emt 0:12:21]} Bd7 {[%emt 0:08:57]} 12. f3 {[%emt 1:18:24]} Rd8 {[%emt 0:05:37]} 13. h4 {[%emt 0:00:00]} gxh4 {[%emt 0:03:05]} 14. e5 {[%emt 0:00:00]} (14. Rg1 $14) 14... dxe5 {[%emt 0:07:51]} 15. Ne4 {[%emt 0:00:00]} Qg6 {[%emt 0:00:13]} 16. Qe1 {[%emt 0:00:00]} f5 $14 {[%emt 0:02:24]} 17. Nec5 {[%emt 0:00:00]} Bc8 {[%emt 0:04:21]} 18. Rxd8+ {[%emt 0:00:00]} Kxd8 {[%emt 0:00:16]} 19. Qxh4+ {[%emt 0:00:00]} Be7 {[%emt 0:00:09]} 20. Qc4 {[%emt 0:00:00]} Kc7 {[%emt 0:01:51]} 21. Na5 {[%emt 0:00:00]} Rd8 {[%emt 0:00:48]} 22. Nxa6+ {[%emt 0:00:00]} Kd7 {[%emt 0:00:27]} 23. Nxc6 {[%emt 0:00:00]} bxc6 {[%emt 0:00:02]} 24. Nc5+ {[%emt 0:00:00]} Ke8 {[%emt 0:00:45]} 25. a3 {[%emt 0:05:05]} Rd5 {[%emt 0:02:18]} 26. Nd3 {[%emt 0:00:56]} Bd7 {[%emt 0:00:02]} 27. Ka2 {[%emt 0:00:44]} c5 {[%emt 0:00:41]} 28. f4 {[%emt 0:00:37]} Bd6 {[%emt 0:04:55]} 29. Nxe5 {[%emt 0:00:27]} Bxe5 {[%emt 0:00:05]} 30. fxe5 {[%emt 0:00:01]} Rxe5 {[%emt 0:00:14]} 31. Qc3 {[%emt 0:00:36]} Rd5 {[%emt 0:05:46]} 32. Qh8+ {[%emt 0:00:11]} Ke7 {[%emt 0:00:01]} 33. Rxh6 {[%emt 0:00:22]} Qe8 {[%emt 0:00:01]} 34. Qf6+ {[%emt 0:00:39]} Kd6 {[%emt 0:00:03]} 35. Rh8 {[%emt 0:01:11]} Qe7 {[%emt 0:00:03]} 36. Qg6 {[%emt 0:00:18]} Rd4 {[%emt 0:00:43]} 37. Rh7 {[%emt 0:00:44]} Qd8 {[%emt 0:01:19]} 38. Rh6 {[%emt 0:00:35]} Kc7 {[%emt 0:01:34]} 39. Rh7 {[%emt 0:00:10]} Kd6 {[%emt 0:01:13]} 40. Qg3+ {[%emt 0:00:28]} f4 {[%emt 0:01:17]} 41. Qg7 {[%emt 0:00:22]} Bc6 {[%emt 0:00:47]} 42. b3 {[%emt 0:01:01]} Be4 {[%emt 0:00:58]} 43. Rh8 {[%emt 0:00:18]} Qe7 {[%emt 0:00:56]} 44. Qg8 {[%emt 0:00:37]} Bxc2 {[%emt 0:12:38]} 45. Qb8+ {[%emt 0:00:21]} Kd5 {[%emt 0:00:00]} 46. Bc4+ {[%emt 0:00:35]} Ke4 {[%emt 0:00:02]} 47. Re8 {[%emt 0:00:30]} Qg7 {[%emt 0:00:01]} 48. Rxe6+ {[%emt 0:00:19]} Kf5 {[%emt 0:00:02]} 49. Qe8 {[%emt 0:00:46]} Bd1 {[%emt 0:01:27]} 50. Re2 {[%emt 0:00:29]} Bxe2 {[%emt 0:00:10]} 51. Qxe2 {[%emt 0:00:34]} Kg5 {[%emt 0:00:52]} 52. a4 {[%emt 0:00:29]} Qc7 {[%emt 0:00:26]} 53. Ka3 {[%emt 0:00:30]} Qd6 {[%emt 0:00:27]} 54. Qe8 {[%emt 0:00:33]} Rd2 {[%emt 0:00:17]} 55. Qg8+ {[%emt 0:00:26]} Qg6 {[%emt 0:00:09]} 56. Qc8 {[%emt 0:00:22]} Qd6 {[%emt 0:07:15]} 57. Qg8+ {[%emt 0:00:31]} Kh4 {[%emt 0:00:07]} 58. Qh8+ {[%emt 0:00:35]} Kg3 {[%emt 0:00:08]} 59. Qh3+ {[%emt 0:00:21]} Kf2 {[%emt 0:00:02]} 60. Qf3+ {[%emt 0:00:44]} Kg1 {[%emt 0:00:02]} 61. g4 {[%emt 0:00:26]} fxg3 {[%emt 0:02:08]} 62. Qe3+ {[%emt 0:00:34]} Kh2 {[%emt 0:00:04]} 63. Be2 {[%emt 0:00:29]} c4+ {[%emt 0:00:31]} 64. b4 {[%emt 0:00:04]} Rd3+ {[%emt 0:00:15]} 0-1